Tour report of Pakistan businessmen's delegation to Central and East African countries (Aden, Ethiopia, Kenya, Uganda, Tanzania, Malawi, Zambia and Somalia) May 4-June 22, 1965. (Record no. 76085)

MARC details
000 -LEADER
fixed length control field 00786cam a22002291 4500
001 - CONTROL NUMBER
control field sa 67006665
003 - CONTROL NUMBER IDENTIFIER
control field DLC
005 - DATE AND TIME OF LATEST TRANSACTION
control field 20260227112409.0
008 - FIXED-LENGTH DATA ELEMENTS--GENERAL INFORMATION
fixed length control field 861114s1967 pk b 000 0 eng
010 ## - LIBRARY OF CONGRESS CONTROL NUMBER
LC control number sa 67006665
025 ## - OVERSEAS ACQUISITION NUMBER
Overseas acquisition number PL480:P-E-1152
035 ## - SYSTEM CONTROL NUMBER
System control number (OCoLC)14712929
040 ## - CATALOGING SOURCE
Original cataloging agency DLC
Transcribing agency WaU
Modifying agency DLC
042 ## - AUTHENTICATION CODE
Authentication code premarc
050 00 - LIBRARY OF CONGRESS CALL NUMBER
Classification number HC503.E2
Item number P3
082 ## - DEWEY DECIMAL CLASSIFICATION NUMBER
Classification number 382/.09/549067
110 1# - MAIN ENTRY--CORPORATE NAME
Corporate name or jurisdiction name as entry element Pakistan.
Subordinate unit Export Promotion Bureau.
245 10 - TITLE STATEMENT
Title Tour report of Pakistan businessmen's delegation to Central and East African countries (Aden, Ethiopia, Kenya, Uganda, Tanzania, Malawi, Zambia and Somalia) May 4-June 22, 1965.
260 ## - PUBLICATION, DISTRIBUTION, ETC.
Place of publication, distribution, etc. Karachi
Name of publisher, distributor, etc. [Manager of Publications,
Date of publication, distribution, etc. 1967]
300 ## - PHYSICAL DESCRIPTION
Extent iii, 90 p.
Other physical details fold. map.
Dimensions 19 cm.
651 #0 - SUBJECT ADDED ENTRY--GEOGRAPHIC NAME
Geographic name Africa, East
General subdivision Economic conditions.

No items available.

Powered by Koha